[Event "HUN-chT2 Toth 2324"]
[Site "Hungary"]
[Date "2024.03.03"]
[Round "5.1"]
[White "Samu, Gabor Jr"]
[Black "Keresztes, Richard"]
[Result "1-0"]
[WhiteElo "2328"]
[BlackElo "2190"]
[PlyCount "59"]
[EventDate "2023.10.08"]
[EventType "team-tourn"]
[EventRounds "9"]
[EventCountry "HUN"]
[SourceTitle "EXT 2025"]
[Source "ChessBase"]
[SourceDate "2024.10.14"]
[SourceVersion "1"]
[SourceVersionDate "2024.10.14"]
[SourceQuality "1"]
[WhiteTeam "Bekes"]
[BlackTeam "Kecskemet Takisz"]
[WhiteTeamCountry "HUN"]
[BlackTeamCountry "HUN"]

1. d4 Nf6 2. c4 g6 3. g3 Bg7 4. Bg2 d6 5. Nc3 0-0 6. Nf3 Nc6 7. d5 Na5 8. b3 c5 9. Bb2 a6 10. 0-0 Bd7 11. a4 Ne8 12. Qc2 Nc7 13. Nd2 b6 14. e3 Qc8 15. Rfe1 Bf5 16. e4 Bh3 17. Nd1 Bxg2 18. Bxg7 Kxg7 19. Kxg2 e5 20. Ne3 Nb7 21. f4 f6 22. h4 Kf7 23. Rf1 Ke7 24. Rf2 Rf7 25. Raf1 Qd7 26. fxe5 dxe5 27. Qc3 Qd6 28. Ng4 Raf8 29. Nh6 Rg7 30. Nf3 1-0

[Event "HUN-chT2 Toth 2223"]
[Site "Hungary"]
[Date "2023.03.26"]
[Round "10.1"]
[White "Balla, Tamas Kristof"]
[Black "Samu, Gabor Jr"]
[Result "1/2-1/2"]
[WhiteElo "2302"]
[BlackElo "2335"]
[PlyCount "50"]
[EventDate "2022.10.16"]
[EventType "team-tourn"]
[EventRounds "11"]
[EventCountry "HUN"]
[SourceTitle "EXT 2025"]
[Source "ChessBase"]
[SourceDate "2024.10.14"]
[SourceVersion "1"]
[SourceVersionDate "2024.10.14"]
[SourceQuality "1"]
[WhiteTeam "Kumania Kisujszallas"]
[BlackTeam "Bekes"]
[WhiteTeamCountry "HUN"]
[BlackTeamCountry "HUN"]

1. d4 Nf6 2. Nc3 d5 3. Bf4 a6 4. e3 Bf5 5. Bd3 Bxd3 6. cxd3 e6 7. Qb3 b6 8. Qa4+ c6 9. Nf3 Be7 10. h3 0-0 11. 0-0 c5 12. dxc5 bxc5 13. d4 Nbd7 14. dxc5 Nxc5 15. Qc2 Qb6 16. Rfc1 h6 17. Be5 Qb7 18. Na4 Rfc8 19. Nxc5 Rxc5 20. Qd1 Rac8 21. Rxc5 Rxc5 22. Rc1 Qc8 23. Rxc5 Qxc5 24. Qa4 Qc1+ 25. Kh2 Ne4 1/2-1/2

[Event "HUN-chT2 Toth 2223"]
[Site "Hungary"]
[Date "2023.01.29"]
[Round "6.1"]
[White "Samu, Gabor Jr"]
[Black "Kakuk, Sandor"]
[Result "1-0"]
[WhiteElo "2338"]
[BlackElo "2088"]
[PlyCount "109"]
[EventDate "2022.10.16"]
[EventType "team-tourn"]
[EventRounds "11"]
[EventCountry "HUN"]
[SourceTitle "EXT 2025"]
[Source "ChessBase"]
[SourceDate "2024.10.14"]
[SourceVersion "1"]
[SourceVersionDate "2024.10.14"]
[SourceQuality "1"]
[WhiteTeam "Bekes"]
[BlackTeam "Oroshaza SE"]
[WhiteTeamCountry "HUN"]
[BlackTeamCountry "HUN"]

1. d4 d5 2. c4 e6 3. Nc3 c6 4. Nf3 Nf6 5. Bg5 Be7 6. e3 Nbd7 7. Rc1 0-0 8. Qc2 Re8 9. Bd3 h6 10. Bh4 a6 11. cxd5 exd5 12. 0-0 Ne4 13. Bxe7 Qxe7 14. Na4 Ng5 15. Nxg5 Qxg5 16. h3 Qe7 17. Rfe1 Nf6 18. f3 Be6 19. Qf2 Rad8 20. a3 Bc8 21. Bb1 g6 22. Nc5 Kg7 23. e4 Qc7 24. e5 Nd7 25. b4 Nxc5 26. bxc5 f5 27. Qh4 Rf8 28. f4 Rde8 29. Re3 Qa5 30. Qe1 Qxe1+ 31. Rcxe1 Re7 32. Bc2 h5 33. Kf2 Be6 34. Rb1 Kf7 35. Reb3 Bc8 36. Rg1 Rh8 37. Rg3 Rh6 38. Rg5 Be6 39. Rb1 Ke8 40. Rb6 Bc8 41. Bd1 h4 42. Bf3 Be6 43. Rb1 Reh7 44. Rh1 Bf7 45. g4 hxg3+ 46. Kxg3 Kd7 47. h4 Ke6 48. h5 Be8 49. Be2 Bf7 50. a4 a5 51. hxg6 Rxh1 52. gxh7 Rxh7 53. Bd3 Rh1 54. Bxf5+ Ke7 55. Rg4 1-0

[Event "HUN-chT2 Toth 2223"]
[Site "Hungary"]
[Date "2022.10.16"]
[Round "1.1"]
[White "Molnar Gabor, Roland"]
[Black "Samu, Gabor Jr"]
[Result "0-1"]
[WhiteElo "2097"]
[BlackElo "2326"]
[PlyCount "94"]
[EventDate "2022.10.16"]
[EventType "team-tourn"]
[EventRounds "11"]
[EventCountry "HUN"]
[SourceTitle "EXT 2025"]
[Source "ChessBase"]
[SourceDate "2024.10.14"]
[SourceVersion "1"]
[SourceVersionDate "2024.10.14"]
[SourceQuality "1"]
[WhiteTeam "Meritum II"]
[BlackTeam "Bekes"]
[WhiteTeamCountry "HUN"]
[BlackTeamCountry "HUN"]

1. d4 d5 2. Nc3 Nf6 3. Bf4 a6 4. e3 Bf5 5. f3 c5 6. g4 Bd7 7. Qd2 e6 8. h4 b5 9. Nce2 Nc6 10. Ng3 Qb6 11. N1e2 cxd4 12. exd4 h5 13. g5 Ng8 14. c3 Nge7 15. Be3 Rc8 16. Nf4 g6 17. Nd3 Bg7 18. Bf4 Rd8 19. Be2 b4 20. Kf1 Bc8 21. Kg2 0-0 22. Rhe1 a5 23. a3 Rfe8 24. axb4 axb4 25. Nc5 e5 26. Na4 Qb8 27. dxe5 Nxe5 28. cxb4 Nf5 29. Nc5 Nxh4+ 30. Kf2 Qb6 31. Be3 Nc4 32. Bxc4 dxc4 33. Qc2 Qxb4 34. Ra4 Qxb2 35. Qxb2 Bxb2 36. Rxc4 Nf5 37. Nge4 Nxe3 38. Kxe3 Kg7 39. Rb1 Be5 40. f4 Bd6 41. Kf3 Bg4+ 42. Kg3 Bxc5 43. Nxc5 Re3+ 44. Kf2 Re2+ 45. Kg1 Bf5 46. Ra1 Rdd2 47. Nb3 Rg2+ 0-1

[Event "HUN-chT2 Toth 2122"]
[Site "Hungary"]
[Date "2022.02.13"]
[Round "6.1"]
[White "Samu, Gabor Jr"]
[Black "Borsi, Imre"]
[Result "1-0"]
[WhiteElo "2331"]
[BlackElo "1954"]
[PlyCount "71"]
[EventDate "2021.10.10"]
[EventType "team-tourn"]
[EventRounds "9"]
[EventCountry "HUN"]
[SourceTitle "EXT 2025"]
[Source "ChessBase"]
[SourceDate "2024.10.14"]
[SourceVersion "1"]
[SourceVersionDate "2024.10.14"]
[SourceQuality "1"]
[WhiteTeam "Bekes"]
[BlackTeam "Szentes Integral"]
[WhiteTeamCountry "HUN"]
[BlackTeamCountry "HUN"]

1. d4 Nf6 2. c4 e6 3. Nf3 c5 4. d5 exd5 5. cxd5 d6 6. Nc3 g6 7. h3 Bg7 8. e4 0-0 9. Bd3 Re8 10. 0-0 a6 11. a4 c4 12. Bc2 Nbd7 13. Re1 Nc5 14. Nd2 Nd3 15. Bxd3 cxd3 16. Nf3 Nd7 17. Qxd3 Nc5 18. Qd1 f5 19. exf5 Bxf5 20. Rxe8+ Qxe8 21. Be3 Nd3 22. Qd2 Rc8 23. Bd4 Qf8 24. Bxg7 Qxg7 25. Ra3 Ne5 26. Nxe5 Qxe5 27. Rb3 Rc7 28. Qe3 Qf6 29. g4 Bc2 30. Rb4 Rf7 31. Rc4 g5 32. Ne4 Bxe4 33. Rxe4 h6 34. Re6 Qxb2 35. Rxd6 Kg7 36. Kg2 1-0

[Event "HUN-chT2 Toth 2122"]
[Site "Hungary"]
[Date "2021.12.05"]
[Round "3.1"]
[White "Samu, Gabor Jr"]
[Black "Kecskemeti, Arpad"]
[Result "1/2-1/2"]
[WhiteElo "2334"]
[BlackElo "2213"]
[PlyCount "53"]
[EventDate "2021.10.10"]
[EventType "team-tourn"]
[EventRounds "9"]
[EventCountry "HUN"]
[SourceTitle "EXT 2025"]
[Source "ChessBase"]
[SourceDate "2024.10.14"]
[SourceVersion "1"]
[SourceVersionDate "2024.10.14"]
[SourceQuality "1"]
[WhiteTeam "Bekes"]
[BlackTeam "Mako Duocor II"]
[WhiteTeamCountry "HUN"]
[BlackTeamCountry "HUN"]

1. d4 Nf6 2. Nf3 g6 3. g3 Bg7 4. Bg2 0-0 5. 0-0 d6 6. c4 Nbd7 7. Nc3 c6 8. b3 Qc7 9. Bb2 e5 10. Qc2 Re8 11. e3 Nf8 12. Rad1 Bf5 13. e4 Bg4 14. d5 c5 15. h3 Bd7 16. Ne1 a6 17. Nd3 b5 18. Rde1 bxc4 19. bxc4 Rab8 20. f4 exf4 21. gxf4 Nh5 22. e5 Bf5 23. Ne4 Bxe4 24. Bxe4 Nd7 25. Bf3 Ng3 26. exd6 Qxd6 27. Bxg7 1/2-1/2

[Event "HUN-chT2 Toth 1718"]
[Site "Hungary"]
[Date "2018.02.18"]
[Round "8.1"]
[White "Nagy, Attila N"]
[Black "Samu, Gabor Jr"]
[Result "1/2-1/2"]
[WhiteElo "2191"]
[BlackElo "2257"]
[PlyCount "81"]
[EventDate "2017.09.24"]
[EventType "team-tourn"]
[EventRounds "11"]
[EventCountry "HUN"]
[SourceTitle "EXT 2021"]
[Source "ChessBase"]
[SourceDate "2020.10.23"]
[SourceVersion "1"]
[SourceVersionDate "2020.10.23"]
[SourceQuality "1"]
[WhiteTeam "Szeged Meritum"]
[BlackTeam "Bekes"]
[WhiteTeamCountry "HUN"]
[BlackTeamCountry "HUN"]

1. d4 d5 2. Nf3 Nf6 3. c4 c6 4. Nc3 dxc4 5. a4 Bf5 6. e3 e6 7. Bxc4 Be7 8. 0-0 0-0 9. Qe2 Ne4 10. Nd2 Nxd2 11. Bxd2 Bg6 12. Rfd1 Bb4 13. Na2 Bxd2 14. Qxd2 Nd7 15. Nc3 Nf6 16. f3 Qc7 17. e4 Rfd8 18. Qf2 Rac8 19. a5 Qe7 20. Bf1 h6 21. Na4 Rc7 22. Qe3 Nd7 23. Rac1 Rdc8 24. Qc3 Qg5 25. Nc5 b6 26. Na6 Rb7 27. Nb4 bxa5 28. Nxc6 Rbc7 29. d5 exd5 30. exd5 Nb6 31. Bb5 Kh7 32. d6 Qxb5 33. dxc7 Rxc7 34. Nd4 Rxc3 35. Nxb5 Rb3 36. Nxa7 Rxb2 37. Rc5 a4 38. Ra1 Bd3 39. Nc6 Bc4 40. Ne5 Be6 41. Rc3 1/2-1/2

[Event "HUN-chT2 Toth 1617"]
[Site "Hungary"]
[Date "2017.03.12"]
[Round "10.1"]
[White "Simonyi, Zoltan"]
[Black "Samu, Gabor Jr"]
[Result "1/2-1/2"]
[WhiteElo "2198"]
[BlackElo "2257"]
[PlyCount "118"]
[EventDate "2016.09.25"]
[EventType "team-tourn"]
[EventRounds "11"]
[EventCountry "HUN"]
[SourceTitle "EXT 2021"]
[Source "ChessBase"]
[SourceDate "2020.10.23"]
[SourceVersion "1"]
[SourceVersionDate "2020.10.23"]
[SourceQuality "1"]
[WhiteTeam "Ujszasz"]
[BlackTeam "Bekes"]
[WhiteTeamCountry "HUN"]
[BlackTeamCountry "HUN"]

1. d4 d5 2. c4 c6 3. Nf3 Nf6 4. Qc2 g6 5. g3 Bg7 6. Bg2 0-0 7. 0-0 Ne4 8. Bf4 Be6 9. Be5 Nd7 10. Bxg7 Kxg7 11. Rd1 Ndf6 12. Ne5 Bf5 13. Qc1 Qc8 14. c5 Nd7 15. Nd3 Nef6 16. Nc3 Qc7 17. f4 Bxd3 18. Rxd3 e6 19. b4 a5 20. a3 b5 21. Bf3 Ra7 22. Rd2 Rfa8 23. Rda2 Ne8 24. Qb1 a4 25. e3 f5 26. Rg2 Nef6 27. h3 Ne4 28. Bxe4 dxe4 29. Qa2 Re8 30. g4 Nf6 31. gxf5 exf5 32. Rd1 Qf7 33. d5 Nxd5 34. Nxd5 cxd5 35. Rxd5 Qf6 36. Rd6 Qh4 37. Kh2 Rf7 38. Qd2 Ree7 39. Rg1 Qh5 40. Rf1 h6 41. Rg1 g5 42. c6 Rc7 43. Rg3 Kh7 44. fxg5 hxg5 45. Qg2 Rg7 46. Kg1 Qe8 47. Rd5 Qe6 48. Rxb5 Rxc6 49. Rc5 Rxc5 50. bxc5 Qe5 51. Rxg5 Qa1+ 52. Kh2 Qe5+ 53. Kh1 Rxg5 54. Qxg5 Qxc5 55. h4 Qxa3 56. Qxf5+ Kg7 57. Qe5+ Kg8 58. Qe6+ Kg7 59. Qe5+ Kg8 1/2-1/2

[Event "HUN-chT2 Toth 1415"]
[Site "Hungary"]
[Date "2014.11.30"]
[Round "5.1"]
[White "Samu, Gabor Jr"]
[Black "Simonyi, Zoltan"]
[Result "1/2-1/2"]
[WhiteElo "2013"]
[BlackElo "2284"]
[PlyCount "49"]
[EventDate "2014.09.07"]
[EventType "team-tourn"]
[EventRounds "11"]
[EventCountry "HUN"]
[SourceTitle "EXT 2016"]
[Source "ChessBase"]
[SourceDate "2015.10.08"]
[SourceVersion "1"]
[SourceVersionDate "2015.10.08"]
[SourceQuality "1"]
[WhiteTeam "Bekes"]
[BlackTeam "Ujszasz"]
[WhiteTeamCountry "HUN"]
[BlackTeamCountry "HUN"]

1. d4 Nf6 2. c4 e6 3. Nf3 b6 4. Nc3 Bb7 5. Bg5 h6 6. Bh4 Be7 7. e3 c5 8. dxc5 bxc5 9. Be2 0-0 10. 0-0 Qb6 11. Qc2 Rd8 12. Rfd1 d6 13. Rd2 Nbd7 14. Ne1 Ne5 15. f4 Ng6 16. Bf2 d5 17. cxd5 exd5 18. Rad1 Bc6 19. Bf3 Qb7 20. Qf5 Rab8 21. b3 Qa6 22. Qc2 Qb7 23. Qf5 Qa6 24. Qc2 Qb7 25. Qf5 1/2-1/2

[Event "HUN-chT2 Toth 1314"]
[Site "Hungary"]
[Date "2014.03.02"]
[Round "8.1"]
[White "Simonyi, Zoltan"]
[Black "Samu, Gabor Jr"]
[Result "1/2-1/2"]
[WhiteElo "2227"]
[BlackElo "2264"]
[PlyCount "46"]
[EventDate "2013.09.08"]
[EventType "team-tourn"]
[EventRounds "11"]
[EventCountry "HUN"]
[SourceTitle "EXT 2016"]
[Source "ChessBase"]
[SourceDate "2015.10.08"]
[SourceVersion "1"]
[SourceVersionDate "2015.10.08"]
[SourceQuality "1"]
[WhiteTeam "Ujszasz"]
[BlackTeam "Bekes"]
[WhiteTeamCountry "HUN"]
[BlackTeamCountry "HUN"]

1. d4 Nf6 2. c4 e6 3. Nc3 Bb4 4. Qc2 c5 5. dxc5 Bxc5 6. Nf3 b6 7. g3 Bb7 8. Bg2 Nc6 9. 0-0 0-0 10. Rd1 h6 11. Bf4 Qe7 12. a3 a5 13. Qd2 d5 14. cxd5 exd5 15. Be3 Bxe3 16. Qxe3 Qxe3 17. fxe3 Rad8 18. Na4 Rfe8 19. Rd3 Ba6 20. Rc3 Ne5 21. Nxe5 Rxe5 22. Bf3 Rde8 23. Nxb6 Rxe3 1/2-1/2